College Football 2023 Award Winners - Statistics

General Stats
  • This quiz has been taken 50 times
  • The average score is 13 of 26
Answer Stats
Award Player School % Correct
Heisman Trophy(Best Player) Jayden Daniels LSU
100%
Walter Camp Award(Player of the Year) Jayden Daniels LSU
100%
Davey O'Brien Award(Best QB) Jayden Daniels LSU
100%
Johnny Unitas Golden Arm Award(Best Upperclassman QB) Jayden Daniels LSU
100%
Maxwell Award(Media Player of the Year) Michael Penix Jr. Washington
90%
Fred Biletnikoff Award(Best WR) Marvin Harrison Jr. Ohio State
88%
John Mackey Award(Best TE) Brock Bowers Georgia
86%
Paul Hornung Award(Most Versatile Player) Travis Hunter Colorado
79%
Doak Walker Award(Best RB) Ollie Gordon II Oklahoma State
69%
Rimington Trophy(Best Center) Jackson Powers-Johnson Oregon
64%
Campbell Trophy(Best Academic Player) Bo Nix Oregon
57%
Lombardi Award(Best lineman [with exceptions]) Laiatu Latu UCLA
43%
Ted Hendricks Award(Best DE) Laiatu Latu UCLA
43%
Chuck Bednarik Award(Defensive Player of the Year) Payton Wilson NC State
38%
Dick Butkus Award(Best LB) Payton Wilson NC State
38%
Ray Guy Award(Best Punter) Tory Taylor Iowa
31%
Jim Thorpe Award(Best DB) Trey Taylor Air Force
31%
Bronko Nagurski Award(Best Defensive Player) Xavier Watts Notre Dame
26%
Lott IMPACT Trophy(Defensive IMPACT Player of the Year) Junior Colson Michigan
19%
Wuerffel Trophy(Best On-and-Off-the-Field Player) Ladd McConkey Georgia
19%
Walter Payton Award(Best Offensive FCS Player) Mark Gronowski South Dakota State
19%
Outland Trophy(Best Interior Lineman) T'Vondre Sweat Texas
17%
Lou Groza Award(Best Kicker) Graham Nicholson Miami (OH)
14%
Gagliardi Trophy(Best Division III Player) Luke Lehnen North Central
10%
Buck Buchanan Award(Best Defensive FCS Player) Terrell Allen Tennessee State
10%
Harlon Hill Trophy(Best Division II Player) Zach Zebrowski Central Missouri
10%
No matching quizzes found
Score Distribution
Percent of People with Each Score
Percentile by Number Answered
Your Score History
You have not taken this quiz